Normal view
MARC view
- Maddala, R .
Entry Personal Name
001 - CONTROL NUMBER
- control field: 1025
003 - CONTROL NUMBER IDENTIFIER
- control field: OSt
005 - DATE AND TIME OF LATEST TRANSACTION
- control field: 20160719113136.0
008 - FIXED-LENGTH DATA ELEMENTS
- fixed length control field: 160719|| aca||aabn | a|a d
040 ## - CATALOGING SOURCE
- Original cataloging agency: OSt
- Transcribing agency: OSt
100 ## - HEADING--PERSONAL NAME
- Personal name: Maddala, R .
670 ## - SOURCE DATA FOUND
- Source citation: Work cat.: (OSt)13450: Maddala, R ., International Encyclopaedia of Agricultural Engineering, Vol.1 / , 2007.
